Mortes illustres et gesta eorum de Societate Jesu qui in odium fidei, pietatis, aut cuiuscunque virtutis, occasione missionum, sacramentorum administratorum, fidei, aut virtutis propugnatae; ab ethicis, haereticis, vel alijs veneno, igne, ferro, aut morte alia necati, aecrumnisúe confecti sunt / autore Philippo Alegambe ; extremos aliquot annos, mortesque illustres usque ad annum MDCLV adiecit Joannes Nadasi

Detalles Bibliográficos
Autor principal: Alegambe, Philippo
Formato: Libro
Lenguaje:Undetermined
Latin
Publicado: Romae : ex typographia Varesii, 1657.
Materias:
Colección:Banco de datos
Acervo:Biblioteca Palafoxiana. Colección bibliográfica
Descripción Física:[8], 716, [3] p. ; f°
Tema general:Religiosos
Notas:Ex libris manuscrito: "Librería del Colegio del Espiritu Santo de Puebla". Número de localización: 21849
LEADER 00961nam a2200169Ia 4500
008 150723s9999 xx 000 0 und d
041 0 |a lat 
050 0 |a PAFX BV4405 A5 
100 1 |a Alegambe, Philippo 
245 1 0 |a Mortes illustres et gesta eorum de Societate Jesu qui in odium fidei, pietatis, aut cuiuscunque virtutis, occasione missionum, sacramentorum administratorum, fidei, aut virtutis propugnatae; ab ethicis, haereticis, vel alijs veneno, igne, ferro, aut morte alia necati, aecrumnisúe confecti sunt / autore Philippo Alegambe ; extremos aliquot annos, mortesque illustres usque ad annum MDCLV adiecit Joannes Nadasi 
260 |a Romae : ex typographia Varesii, 1657. 
300 |a [8], 716, [3] p. ; f° 
500 |a Ex libris manuscrito: "Librería del Colegio del Espiritu Santo de Puebla". Número de localización: 21849 
650 1 0 |a Religiosos 
942 |c PALALIB 
943 |g Biblioteca Palafoxiana. Colección bibliográfica 
999 |c 1057741  |d 1057741